| 000 | 00702nam a2200133Ia 4500 | ||
|---|---|---|---|
| 008 | 171212s9999 xx 000 0 und d | ||
| 020 | _a9780833032195 | ||
| 100 | _aRabasa, Angel;Haseman, John | ||
| 245 |
_cRabasa, Angel;Haseman, John _aThe Military and Democracy in Indonesia _bChallenges, Politics, and Power |
||
| 260 |
_bRAND Corporation _c2002 |
||
| 650 | _aCivil-military relations -- Indonesia; Indonesia -- Politics and government -- 20th century; Indonesia -- Armed Forces -- Reorganization; Indonesia -- Armed Forces -- Political activity; United States -- Military relations -- Indonesia; Indonesia -- Milit | ||
| 650 | _aPolitical Science | ||
| 856 | _uwww.jstor.org/stable/10.7249/mr1599srf | ||
| 999 |
_c352692 _d352692 |
||